01076nam a2200289 a 4500001000400000003001000004005001700014008004100031020001800072040002500090080001900115090002900134100003000163245004700193250001200240260003400252300002600286500017900312504002500491650002500516650003100541650002700572650003100599942001200630952013100642999001300773630BR-CuiBMT20231110232432.0231108s2012 spba 001 0 por d a9788522472185 aBR-CuiBMTcBR-CuiBMT a34:336.222007 a34:336.2bC345dc23. ed.1 aCassone, Vittorio,d1939-0 aDireito tributário / cVittorio Cassone. a23. ed. aSão Paulo :bAtlas, c2012. a394 p.:bil. ;c24 cm aFundamentos constitucionais da tributação. Definição de tributos e suas espécies. Conceito e classificação dos impostos. Doutrina, prática e jurisprudência. aInclui bibliografia. aDireito tributário aCompetência tributária aCrédito tributário aImpostosxJurisprudência 2udccLV 00102udc4070aBIBTCEMTbBIBTCEMTd2013-04-02l0o34:336.2 C345 23. ed.pBIBTCEMT23110452r2023-11-10tEx. 1w2023-11-10yLV c630d630